| 000 | 01543nam1a2200301 i 4500 | ||
|---|---|---|---|
| 001 | RU\NLR\bibl\887037 | ||
| 005 | 20260408070246.0 | ||
| 035 | _a(NLR Aleph) 000875568 | ||
| 090 |
_a1626555 _c1626555 |
||
| 100 | _a20051212g20049999u y0rusy50 ca | ||
| 101 | 0 | _arus | |
| 102 | _aRU | ||
| 105 | _a||||z ||||| | ||
| 200 | 1 |
_aНазиб Жиганов _eстатьи, воспоминания, документы _fМ-во культуры Рос. Федерации, Казан. гос. консерватория им. Н.Г. Жиганова, М-во культуры Респ. Татарстан, Музей-квартира Назиба Жиганова _g[сост. Жиганова Н.И., Салехова З.Я., к.иск., доц. _gредкол. Абдуллин Р.К., проф. и др.] |
|
| 210 |
_aКазань _cКазан. гос. консерватория _d2004 |
||
| 215 | _d22 | ||
| 463 | 0 | _1001853381 | |
| 463 | 0 | _1001945443 | |
| 600 | 1 |
_aЖиганов _bН.Г. _f1911 - 1988 _gНазиб Гаязович _xДокументы и материалы _92403282 _3RU\NLR\auth\661432424 |
|
| 686 | _aЩ313(2Р=Тат)7-81Жиганов1 | ||
| 702 | 1 |
_aЖиганова _bН. И. _4220 |
|
| 702 | 1 |
_aАбдуллин _bР. К. _4340 |
|
| 712 | 0 | 2 |
_4570 _aКазанская государственная консерватория им. Н. Г. Жиганова _3RU\NLR\AUTH\8810043092 _9585654 |
| 801 | 0 |
_aRU _bNLR _c20051212 _grcr |
|
| 801 | 1 |
_aRU _bNLR _c20051212 |
|
| 852 |
_aNLR _j2005-5/6876 |
||
| 942 | _cBOOK | ||